| 000 | 00811 a2200205 4500 | ||
|---|---|---|---|
| 008 | 080826t xxu||||| |||| 00| 0 eng d | ||
| 010 | _aENG-87226 | ||
| 020 |
_a978818988431X _c495.00 |
||
| 035 | _aEN-70759 | ||
| 037 | _bDBAD / PUB | ||
| 082 | _a305.42 | ||
| 245 |
_aGender justice, citizenship and development _cedited by Maitrayee Mukhopadhyay [and] Navsharan Singh |
||
| 260 |
_aNew Delhi _bZubaan _c2007 |
||
| 270 |
_aK-92, 1st Floor, Hauz Khas Enclave, _bNew Delhi _e110 016 |
||
| 300 |
_aviii, 358p. _c22cm (Hb ) |
||
| 500 | _aIncludes index | ||
| 700 | _aNavsharan Singh | ||
| 942 |
_adpl _cEN _k305.42 / GEN _2ddc _h305.42 _mGEN |
||
| 999 |
_c6221 _d6221 |
||